000 00563nam a22001817a 4500
005 20231128072620.0
008 231128b |||||||| |||| 00| 0 eng d
020 _a978485134930
041 _aEnglish
082 _a346.7 GEN
100 _aSchulze, H et al.
_lEnglish
245 _aGeneral Principles of Commercial Law /
_cH Schulze et al.
250 _aNinth Edition
260 _aCape Town :
_bJuta and Company (Pty) Ltd,
_c2019
300 _bxvi, 601 pages ;
_c25 cm.
650 _aLegal practice
_bLaw
942 _cBK
_6ALISON_BN_VRIES
999 _c988
_d988